Statistics for 1st Overall NFL Draft Picks (1969's)

Click here to take the quiz!

General Stats

  • This quiz has been taken 13 times
  • The average score is 4 of 10

Answer Stats

Year Answer % Correct
1969O.J. Simpson
92%
1967Bubba Smith
67%
1968Ron Yary
58%
1966Tommy Nobis
42%
1960Billy Cannon
33%
1963Terry Baker
33%
1961Tommy Mason
25%
1962Ernie Davis
25%
1965Tucker Frederickson
25%
1964Dave Parks
17%

Score Distribution

Percentile by Number Answered

Percent of People with Each Score

Your Score History

You have not taken this quiz